Các nhân tố ảnh hưởng đến việc vận dụng công cụ dự toán của các doanh nghiệp vừa và nhỏ Đà Nẵng /
Tallennettuna:
| Päätekijä: | |
|---|---|
| Muut tekijät: | |
| Aineistotyyppi: | Artikkeli |
| Kieli: | Vietnamese |
| Aiheet: | |
| Tagit: |
Lisää tagi
Ei tageja, Lisää ensimmäinen tagi!
|
| Thư viện lưu trữ: | Thư viện Trường Đại học Đà Lạt |
|---|
| LEADER | 00939nam a2200289 4500 | ||
|---|---|---|---|
| 001 | DLU180187900 | ||
| 005 | ##20181016 | ||
| 040 | # | # | |a DLU |b vie |
| 041 | # | # | |a vie |
| 044 | # | # | |a vn |
| 100 | # | # | |a Đoàn Ngọc Phi Anh. |
| 245 | # | # | |a Các nhân tố ảnh hưởng đến việc vận dụng công cụ dự toán của các doanh nghiệp vừa và nhỏ Đà Nẵng / |c Đoàn Ngọc Phi Anh, Lê Thị Quyên. |
| 653 | # | # | |a Dự toán |
| 653 | # | # | |a Doanh nghiệp |
| 653 | # | # | |a Kế toán quản trị |
| 653 | # | # | |a Nhân tố ảnh hưởng |
| 700 | # | # | |a Lê Thị Quyên. |
| 773 | # | # | |t Kinh tế & Phát triển |g Số 227, 2016, tr. 65-71 |
| 920 | # | # | |a Phòng Tạp chí -- Trung tâm Thông tin - Thư viện Trường Đại học Đà Lạt |
| 994 | # | # | |a DLU |
| 900 | # | # | |a True |
| 911 | # | # | |a Nguyễn Thị Thu Phương |
| 925 | # | # | |a G |
| 926 | # | # | |a A |
| 927 | # | # | |a BB |
| 980 | # | # | |a Thư viện Trường Đại học Đà Lạt |